01878nam a2200337 a 4500999001500000001000600015003000900021005001700030008004100047020001800088040002800106082002100134100002700155245009900182250001300281260007200294300002900366500005100395610003900446650002700485700003400512942001200546952011900558952011900677952011900796952011900915952013401034952013401168952011901302952011901421 c1703d170315326BD-DhUAP20200212125813.0200212r20102004ii l 001 0 eng d a9788180383830 aDLCcDLCbEngdBD-DhUAP00a347.5406 RAN223 aRanchhoddas, Ratanlal.10aThe Law of Evidence : bact I of 1872 /cRatanlal Ranchhoddas and Dhirajlal Keshavlal Thakore. a21st ed. aNagpur :bLexis Nexis Butterworths Wadhwa,cc2004 [Reprinted 2010]. axcv, 892 pages ;c22 cm. aIncludes bibliographical references and index.10aIndia.tIndian Evidence Act, 1872. 0aEvidence (Law)zIndia. aThakore, Dhirajlal Keshavlal. 2ddccBK 00102ddc4070aUAPCLbUAPCLcGeneral Stacksd2020-02-12o347.5406 RANp3010015326r2020-02-12t1w2020-02-12yBK 00102ddc4070aUAPCLbUAPCLcGeneral Stacksd2020-02-12o347.5406 RANp3010015530r2020-02-12t2w2020-02-12yBK 00102ddc4070aUAPCLbUAPCLcGeneral Stacksd2020-02-12o347.5406 RANp3010015529r2020-02-12t3w2020-02-12yBK 00102ddc4070aUAPCLbUAPCLcGeneral Stacksd2020-02-12o347.5406 RANp3010015528r2020-02-12t4w2020-02-12yBK 00102ddc4070aUAPCLbUAPCLcGeneral Stacksd2020-02-12l1o347.5406 RANp3010015527r2024-11-05s2024-10-27t5w2020-02-12yBK 00102ddc4070aUAPCLbUAPCLcGeneral Stacksd2020-02-12l1o347.5406 RANp3010009738r2024-10-14s2024-10-09t6w2020-02-12yBK 00102ddc4070aUAPCLbUAPCLcGeneral Stacksd2020-02-12o347.5406 RANp3010015526r2020-02-12t7w2020-02-12yBK 00102ddc4070aUAPCLbUAPCLcGeneral Stacksd2020-02-12o347.5406 RANp3010009697r2020-02-12t8w2020-02-12yBK